| 000 | 00497nam a2200181Ia 4500 | ||
|---|---|---|---|
| 008 | 140925s9999 xx 000 0 und d | ||
| 020 | _a2211-1522 | ||
| 100 | _aBrodrick, Dianne Vella. | ||
| 245 |
_aPsychology of well-being / _cDianne Vella-Brodrick. _h[electronic resource] |
||
| 260 |
_bSpringer, _cc2014. |
||
| 516 | _aElectronic text | ||
| 650 | _aPsychology. | ||
| 650 | _aWell being. | ||
| 830 | _aSpringer | ||
| 856 | _uhttp://www.psywb.com/ | ||
| 942 | _cEJ | ||
| 999 |
_c275633 _d275633 |
||